La historia y su protagonista
Guardat en:
| Autor principal: | |
|---|---|
| Format: | Llibre |
| Idioma: | espanyol |
| Publicat: |
Barcelona
Atlántida
1952
|
| Edició: | 2a. ed |
| Col·lecció: | Filosófica Lux
|
| Matèries: | |
| Etiquetes: |
Afegir etiqueta
Sense etiquetes, Sigues el primer a etiquetar aquest registre!
|
MARC
| LEADER | 00000nam a2200000 a 4500 | ||
|---|---|---|---|
| 001 | UCI5134 | ||
| 003 | CL-VaPUC | ||
| 008 | 080314e19520000SP |||||||||||||||||spa|d | ||
| 082 | 0 | 4 | |a 901 |b LOM |2 21 |
| 100 | |a Lombardi, Ricardo |e autor |9 543931 | ||
| 245 | 1 | 3 | |a La historia y su protagonista |
| 250 | |a 2a. ed | ||
| 300 | |a 236 p | ||
| 942 | |c BK | ||
| 945 | |d 20080314 00:00:00 |a rbrito | ||
| 260 | |a Barcelona |b Atlántida |c 1952 | ||
| 500 | |a Donación Padres Capuchinos | ||
| 650 | 0 | |a Filosofía de la historia |9 265651 | |
| 583 | |a last modification |c 20080314 00:00:00 |k Rodrigo Vera | ||
| 490 | 0 | |a Filosófica Lux | |
| 999 | |c 328897 |d 328895 | ||
| 952 | |0 0 |1 0 |4 0 |6 901_000000000000000_LOM_1952 |7 0 |8 X |9 413080 |a FDOBUD |b FDOBUD |d 2019-11-22 |i 4409264 |o 901 LOM 1952 |p 4409264 |r 2019-11-22 |w 2019-11-22 |y BK_X |k BUD | ||